| 000 | 00322pab a2200109 454500 | ||
|---|---|---|---|
| 008 | 180718b xxu||||| |||| 00| 0 eng d | ||
| 100 | _aAyee, Joseph R.A. | ||
| 245 | _aSome theoretical models of policy implementation: an assessment | ||
| 650 | _aPublic Policy | ||
| 773 | _aGreen Hill Journal of Administration | ||
| 909 | _a23875 | ||
| 999 |
_c23875 _d23875 |
||